000 00261nam a22001217a 4500
082 _a158
_bKHE/L
100 _aKHERA,SHIV
245 _aLIVING WITH HONOUR
260 _aINDIA
_bMACMILLAN
300 _a202
650 _aPERSONALITY DEVELOPMENT
_vINDIA
942 _cBK
999 _c5258
_d5258